|
|
|
|
| LEADER |
00000nam a22000007a 4500 |
| 005 |
20110906134833.0 |
| 008 |
110906t2011 mx ||||s|||| 00| 0 spa d |
| 020 |
|
|
|a 978-607-16-0599-3
|
| 035 |
|
|
|a 5652
|
| 040 |
|
|
|a vLex
|
| 090 |
|
|
|c 2395
|d 2395
|
| 100 |
1 |
|
|a Nohlen, Dieter
|
| 245 |
1 |
0 |
|a Tratado de derecho electoral comparado de Amřica Latina
|h [Recurso electrn̤ico] /
|c Dieter Nohlen; Daniel Zovatto
|
| 256 |
|
|
|a Servicio en ln̕ea.
|
| 260 |
|
|
|a [Mx̌ico] :
|b Fondo de Cultura Econm̤ica,
|c 2011.
|
| 300 |
|
|
|a 1 recurso electrn̤ico
|
| 506 |
1 |
|
|a Contenido solo disponible en los productos indicados
|d vLex Global
|d vLex Global (Academic Edition, excluding Law Schools)
|d vLex Global (U.S. Academic Edition, Law Schools)
|d vLex Global (U.S. Academic Edition, excluding Law Schools)
|d vLex Global (Academic Edition, Law Schools)
|
| 650 |
0 |
4 |
|a Derecho electoral
|z Mx̌ico
|
| 700 |
1 |
|
|a Zovatto, Daniel
|
| 740 |
0 |
|
|a vLex Libros (Servicio en ln̕ea)
|
| 856 |
4 |
0 |
|u http://vlex.com/source/tratado-derecho-electoral-comparado-america-latina-5652
|z Acceso restringido
|
| 942 |
|
|
|c BOOK
|